Online Catalogue and eLibrary

Donors, Devotees, and Daughters of God: (Record no. 1683)

MARC details
000 -LEADER
fixed length control field 00550nam a2200205Ia 4500
005 - DATE AND TIME OF LATEST TRANSACTION
control field 20250205000440.0
008 - FIXED-LENGTH DATA ELEMENTS--GENERAL INFORMATION
fixed length control field 240331s9999 xx 000 0 und d
020 ## - INTERNATIONAL STANDARD BOOK NUMBER
ISBN 0195099621
082 ## - DDC Classification
Item Number - Author Mark ORR
DDC Edition Number 4234
Class No. 305.4
100 ## - MAIN ENTRY--PERSONAL NAME
Personal name Orr, L. C
245 #0 - TITLE STATEMENT
Title Donors, Devotees, and Daughters of God:
Remainder of title Temple Women in Medieval Tamilnadu
260 ## - PUBLICATION, DISTRIBUTION, ETC.
Place of publication, distribution, etc. New York
-- Oxford
Name of publisher, distributor, etc. Oxford University Press
Date of publication, distribution, etc. 2000
300 ## - PHYSICAL DESCRIPTION
Extent (e.g. Volumes, Pages etc.) xii, 305 p.,
650 ## - SUBJECT ADDED ENTRY--TOPICAL TERM
Topical term or geographic name entry element Women
650 ## - SUBJECT ADDED ENTRY--TOPICAL TERM
Topical term or geographic name entry element Medieval
650 ## - SUBJECT ADDED ENTRY--TOPICAL TERM
Topical term or geographic name entry element Tamilnadu
650 ## - SUBJECT ADDED ENTRY--TOPICAL TERM
Topical term or geographic name entry element Devotees
650 ## - SUBJECT ADDED ENTRY--TOPICAL TERM
Topical term or geographic name entry element Religion
942 ## - Koha item type (Biblio)
Koha item type Books in Stacks (Lending)
Holdings
Lost status Damaged status Collection code Home library Current library Shelving location Date acquired Full call number Accession Number Item type
    Lending WERC Library WERC Library Social Science Cupboard 03/31/2024 305.4 ORR 4234 Books in Stacks (Lending)

© WERC Library